Dưới đám mây màu cánh vạc

Sparad:
Bibliografiska uppgifter
Huvudupphovsman: Thu Bồn
Materialtyp: Bok
Språk:Undetermined
Publicerad: H. QĐND 2003
Ämnen:
Taggar: Lägg till en tagg
Inga taggar, Lägg till första taggen!
Thư viện lưu trữ: Trung tâm Học liệu Trường Đại học Cần Thơ
LEADER 00516nam a2200205Ia 4500
001 CTU_58873
008 210402s9999 xx 000 0 und d
020 |b 78000 
082 |a 895.92234 
082 |b Th500 
100 |a Thu Bồn 
245 0 |a Dưới đám mây màu cánh vạc 
245 0 |c Thu Bồn 
260 |a H. 
260 |b QĐND 
260 |c 2003 
650 |a vietnamese fiction 
650 |y 21st century 
904 |i Minh 
980 |a Trung tâm Học liệu Trường Đại học Cần Thơ